000 00678nam a2200217Ia 4500
005 20250508170127.0
008 008 250505s9999 xx 000 0 eng d
020 _a978-1-350-11876-8
037 _aReference
040 _aFEDL
_beng
_cFEDL
041 _aeng
_2eng
084 _a371.102 4, HAR/RR
_qFEDL
100 _aHarries Alene H
_9783136
245 0 _aReclaim your challenging classroom: Relationship- based behavior management
260 _aThousand Oaks, Calfornia
_bCorwin Press
_c2021
300 _axii, 214p.
365 _aUSD
_b34.95
700 _a Garwood Justin D
_9783137
942 _cREF
_h371.102 4, HAR/RR
999 _c1399348
_d1399348